Literacy & learning.
Saved in:
| New Title: | Teaching & learning Primary maths & science |
|---|---|
| Previous Title: | Language and learning. Language & learning (Birmingham, England) |
| Format: | Journal |
| Language: | English |
| Published: |
Birmingham [England] :
Questions Pub. Co.,
c1997-2002.
|
| Subjects: |
| LEADER | 02704cas a2200625 a 4500 | ||
|---|---|---|---|
| 001 | c000286151 | ||
| 003 | CARM | ||
| 005 | 20190402080327.0 | ||
| 008 | 980203d19972002enkbr p 0 a0eng d | ||
| 015 | |a GB9879218 |2 bnb | ||
| 019 | 1 | |a 13655232 |5 LACONCORD2021 | |
| 022 | |a 1460-8138 | ||
| 022 | 0 | |a 1460-8138 | |
| 035 | |a (OCoLC)41253883 |5 LACONCORD2021 | ||
| 040 | |a SUSA |b eng |c SUSA |d NNCU:A |d VCAV | ||
| 042 | |a issnuk | ||
| 043 | |a e-uk--- | ||
| 082 | 0 | 4 | |a 372.40941 |2 21 |
| 210 | 0 | |a Lit. learn. |b (Birm.) | |
| 222 | 0 | |a Literacy & learning | |
| 245 | 0 | 0 | |a Literacy & learning. |
| 246 | 3 | |a Literacy and learning | |
| 260 | |a Birmingham [England] : |b Questions Pub. Co., |c c1997-2002. | ||
| 300 | |a v. : |b ill. ; |c 30 cm. | ||
| 310 | |a 6 per year, |b <Oct./Nov. 1998-> | ||
| 321 | |a 3 per year, |b <-Sum. 1998> | ||
| 362 | 0 | |a Issue 1 (autumn 1997)-issue 28 (Nov./Dec. 2002) | |
| 500 | |a Cover title. | ||
| 500 | |a Merged with Primary Maths and Science to form Teaching & Learning. | ||
| 500 | |a Posters accompany some issues. | ||
| 580 | |a Continues: Language & learning. | ||
| 580 | |a Merged with: Primary maths & science, to form: Teaching & learning. | ||
| 650 | 0 | |a English language |x Study and teaching |z Great Britain |v Periodicals. | |
| 730 | 0 | |a Language & learning | |
| 730 | 0 | |a Teaching & learning | |
| 730 | 0 | |a Primary maths & science | |
| 780 | 0 | 2 | |a Language and learning. |
| 780 | 0 | 0 | |t Language & learning (Birmingham, England) |x 0954-920X |
| 785 | 0 | 7 | |t Teaching & learning |x 1479-7976 |
| 785 | 0 | 7 | |t Primary maths & science |x 1464-1062 |
| 785 | 0 | 0 | |t Teaching & learning |
| 852 | 8 | |b CARM |h A3:AR24C0 |i F04370 |p 0495759 |j 1(1997:Aut.)-10(1999:10/11) |f SE | |
| 852 | 8 | |b CARM |i F10869 |p 0653544 |j 11(1999/2000:12/01)-21(2001:09/10)+posters |f SE | |
| 852 | 8 | |b CARM |i F10863 |p 0653412 |j 22(2001:11/12)-28(2002:11/12)+posters |f SE | |
| 852 | 8 | |b SCAN |h A3:AJ25B0 |i F10863 |p 0653412 |f SE | |
| 852 | 8 | |b SCAN |h A3:AJ29B0 |i F10869 |p 0653544 |f SE | |
| 852 | 8 | |b SCAN |h A3:AJ25B0 |i F10863 |p 0653412 |f SE | |
| 852 | 8 | |b SCAN |h A3:AJ29B0 |i F10869 |p 0653544 |f SE | |
| 866 | 0 | |a 1(1997:Aut)-28(2002:11/12)+posters | |
| 999 | f | f | |i 2e30fcf1-b88d-5c2d-8872-314e487f2124 |s f9032979-e9c0-5ab7-88ce-3b463f499dd5 |
| 952 | f | f | |p Can circulate |a CAVAL |b CAVAL |c CAVAL |d CARM 1 Store |e F04370 |f A3:AR24C0 |h Other scheme |i book |k 1(1997:Aut.)-10(1999:10/11) |m 0495759 |
| 952 | f | f | |p Can circulate |a CAVAL |b CAVAL |c CAVAL |d CARM 1 Store |e F10869 |h Other scheme |i book |m 0653544 |
| 952 | f | f | |p Can circulate |a CAVAL |b CAVAL |c CAVAL |d CARM 1 Store |e F10863 |h Other scheme |i book |m 0653412 |
| 952 | f | f | |a CAVAL |b CAVAL |c CAVAL |d Unmapped Location |e F10863 |f A3:AJ25B0 |h Other scheme |
| 952 | f | f | |a CAVAL |b CAVAL |c CAVAL |d Unmapped Location |e F10869 |f A3:AJ29B0 |h Other scheme |